[Event "Hoogovens"]
[Site "Wijk aan Zee"]
[Date "1984.??.??"]
[Round "8"]
[White "Ree, Hans"]
[Black "Adorjan, Andras"]
[Result "1/2-1/2"]
[WhiteElo "2480"]
[BlackElo "2570"]

1.c4 c5 2.g3 g6 3.Bg2 Bg7 4.Nc3 Nc6 5.Nf3 e6 6.d3 Nge7 7.Bf4 d6 8.Qc1 Nf5
9.Rb1 O-O 10.O-O Qd7 11.a3 b6 12.b4 Bb7  1/2-1/2

[Event "Hoogovens"]
[Site "Wijk aan Zee"]
[Date "1984.??.??"]
[Round "9"]
[White "Ligterink, Gert"]
[Black "Andersson, Ulf"]
[Result "0-1"]
[WhiteElo "2445"]
[BlackElo "2630"]

1.d4 Nf6 2.c4 e6 3.Nf3 Bb4+ 4.Bd2 Bxd2+ 5.Qxd2 O-O 6.g3 b6 7.Bg2 Bb7 8.O-O d6
9.Qc2 c5 10.Nc3 cxd4 11.Nxd4 Bxg2 12.Kxg2 a6 13.Rfd1 Qc7 14.b3 Rc8 15.Rac1 h6
16.Qd3 Nbd7 17.Nf3 Ne8 18.Kg1 Qb8 19.Nd4 Ra7 20.Rc2 Rac7 21.Rdc1 Nef6 22.Nf3 Rc5
23.Nd4 Ne5 24.Qd2 R5c7 25.Qe3 Qb7 26.h3 Nc6 27.Nxc6 Rxc6 28.Qd3 R8c7 29.a4 Qc8
30.Kh2 d5 31.Nd1 dxc4 32.Rxc4 Rxc4 33.Rxc4 Rxc4 34.Qxc4 Qxc4 35.bxc4 Kf8
36.Kg2 Ke7 37.Kf3 Kd6 38.Ke3 Kc5 39.Kd3 Kb4 40.Nc3 Nd7 41.f4 Nc5+ 42.Kd4 Nb3+
43.Kd3 f6  0-1

[Event "Hoogovens"]
[Site "Wijk aan Zee"]
[Date "1984.??.??"]
[Round "9"]
[White "Torre, Eugenio"]
[Black "Van der Sterren, Paul"]
[Result "1/2-1/2"]
[WhiteElo "2565"]
[BlackElo "2475"]

1.e4 e5 2.Bc4 Nf6 3.d3 Bc5 4.Nf3 Nc6 5.O-O d6 6.c3 O-O 7.Bb3 a6 8.Nbd2 Be6
9.Re1 Re8 10.Nf1 Bxb3 11.Qxb3 h6 12.Be3 Bxe3 13.Nxe3 Qd7 14.Rad1 Ne7 15.Nf1 Ng6
16.Ng3 Qb5 17.Qxb5 axb5 18.a3 Rad8 19.d4 d5  1/2-1/2

[Event "Hoogovens"]
[Site "Wijk aan Zee"]
[Date "1984.??.??"]
[Round "9"]
[White "Tukmakov, Vladimir B"]
[Black "Ree, Hans"]
[Result "1/2-1/2"]
[WhiteElo "2550"]
[BlackElo "2480"]

1.d4 Nf6 2.Nf3 g6 3.c4 Bg7 4.g3 c5 5.dxc5 Qa5+ 6.Nfd2 Qxc5 7.Bg2 O-O 8.Nc3 Nc6
9.O-O d6 10.Nd5 Nxd5 11.cxd5 Ne5 12.Nb3 Qb5 13.Nd4 Qb6 14.e3 Bg4 15.Qb3 Qxb3
16.axb3 Rfc8 17.h3 Bd7 18.Rd1 Be8 19.Bd2 Nd7 20.Bc3 Nf6 21.e4 Bd7 22.f4 Ne8
23.Re1 Nc7 24.e5 Nb5 25.Nxb5 Bxb5  1/2-1/2

[Event "Hoogovens"]
[Site "Wijk aan Zee"]
[Date "1984.??.??"]
[Round "9"]
[White "Sosonko, Gennadi"]
[Black "Ligterink, Gert"]
[Result "1/2-1/2"]
[WhiteElo "2560"]
[BlackElo "2445"]

1.d4 Nf6 2.c4 e6 3.g3 c5 4.d5 exd5 5.cxd5 d6 6.Nc3 g6 7.Bg2 Bg7 8.Nf3 O-O
9.O-O Re8 10.Bf4 Na6 11.Re1 Nh5 12.Bg5 Qd7 13.Qd2 b5 14.Bh6 Bh8 15.Ng5 b4
16.Nd1 Nc7 17.a3 bxa3 18.Rxa3 Nb5 19.Re3 Bb7 20.Rxe8+ Rxe8 21.Ne4 Nf6 22.Nxf6+ Bxf6
23.Bf4 Qd8 24.h4 Ba6 25.e3 Qb6 26.Bf1 Re4 27.Qc2  1/2-1/2

[Event "Hoogovens"]
[Site "Wijk aan Zee"]
[Date "1984.??.??"]
[Round "10"]
[White "Kortschnoj, Viktor"]
[Black "Torre, Eugenio"]
[Result "1-0"]
[WhiteElo "2635"]
[BlackElo "2565"]

1.d4 d5 2.c4 c6 3.Nc3 Nf6 4.e3 e6 5.Nf3 Nbd7 6.Bd3 dxc4 7.Bxc4 b5 8.Bb3 b4
9.Ne2 Bd6 10.e4 Nxe4 11.Qc2 Nef6 12.Qxc6 Qc7 13.Qxa8 Nb6 14.Ba4+ Nxa4 15.Ne5 O-O
16.Qc6 Qxc6 17.Nxc6 Bb7 18.Ne5 Bxg2 19.Rg1 Be4 20.f3 Bc2 21.Bh6 Bg6 22.Nxg6 hxg6
23.Bf4 Be7 24.O-O-O Nd5 25.Kb1 Rd8 26.Bg3 Bg5 27.Bc7 Nxc7 28.Rxg5 Nd5 29.Rc1 Kf8
30.Rc6 Nab6 31.Rg1 Ke7 32.Nc1 Rh8 33.Rg2 Rh4 34.Nb3 Rf4 35.Rg3 Rh4 36.h3 Kd7
37.Rc5 Ne7 38.Rg1 Rxh3 39.Rgc1 Ned5 40.Ra5 Nc8 41.Nc5+ Kd8 42.Rb5 Ncb6 43.Nd3 Rxf3
44.Nxb4 Nxb4 45.Rxb4 g5 46.Rb5 Rf5 47.Rxf5 exf5 48.Rc5 g6 49.Kc2 g4 50.Kd3 Nc8
51.a4 Nd6 52.b4 g3 53.Ke3 g5 54.Rd5 Kc7 55.Kf3 Kc6 56.Ra5 Kb6 57.Kxg3 f6
58.Kf3 f4  1-0

[Event "Hoogovens"]
[Site "Wijk aan Zee"]
[Date "1984.??.??"]
[Round "10"]
[White "Sosonko, Gennadi"]
[Black "Adorjan, Andras"]
[Result "1-0"]
[WhiteElo "2560"]
[BlackElo "2570"]

1.d4 Nf6 2.c4 e6 3.g3 c5 4.d5 exd5 5.cxd5 b5 6.Bg2 d6 7.b4 cxb4 8.a3 bxa3
9.Nxa3 Qd7 10.Qb3 Na6 11.Qxb5 Rb8 12.Qxd7+ Bxd7 13.Nc2 Nc5 14.Rxa7 Be7 15.Nf3 Nxd5
16.Nfd4 Nc3 17.Nc6 Rc8 18.Nxe7 Kxe7 19.Nd4 N3e4 20.O-O g6 21.f3 Nc3 22.Bg5+ f6
23.Bd2 Nd5 24.f4 Nb6 25.Rd1 Rhe8 26.Nb5 Nc4 27.Bb4 Rb8 28.Bc6 Rb6 29.Bxd7 Nxd7
30.Nc7 Reb8 31.Nd5+ Ke6 32.Nxb6 Rxb6 33.Bc3 Ne3 34.Rc1 Nd5 35.Bd4 Rb4 36.e4 Ne7
37.Bf2 Nb8 38.e5 fxe5 39.fxe5 Nec6 40.Rxh7 Nxe5 41.Rc8 Nbd7 42.Rc2 Nf6 43.Ra7 Ne4
44.Ra3 d5 45.Re2 Kf5 46.Kg2 Rb1 47.h3 Nc4 48.Ra8 Rb3 49.Rf8+ Kg5 50.Rf3 Rb5
51.Bd4 Rb1 52.Rf4 Rd1 53.Rexe4 Rd2+ 54.Kf1  1-0

[Event "Hoogovens"]
[Site "Wijk aan Zee"]
[Date "1984.??.??"]
[Round "10"]
[White "Ree, Hans"]
[Black "Miles, Anthony J"]
[Result "1-0"]
[WhiteElo "2480"]
[BlackElo "2610"]

1.d4 Nf6 2.c4 e6 3.Nf3 b6 4.Nc3 Bb7 5.e3 Bb4 6.Bd3 Ne4 7.O-O Nxc3 8.bxc3 Be7
9.e4 d6 10.Be3 Nd7 11.Nd2 e5 12.f4 exf4 13.Bxf4 Bg5 14.Qg4 h6 15.Rae1 Bxf4
16.Qxf4 Qf6 17.Qg3 Qg5 18.Qxg5 hxg5 19.Nf3 g4 20.Nd2 Rh5 21.e5 dxe5 22.Bf5 O-O-O
23.Rxe5 g6 24.Bxg4 Rxe5 25.dxe5 Kb8 26.Re1 Nc5 27.Nb3 Ne4 28.Rf1 Rf8 29.Nd4 Nd2
30.Rf4 Nxc4 31.Ne6 Rh8 32.Rxc4 fxe6 33.Rf4 Bd5 34.a3 Rd8 35.c4 Bc6 36.Bxe6 Rd1+
37.Rf1 Rd8 38.h4 a5 39.Bf7 Rd4 40.e6 Rxh4 41.Rf6 Ba4 42.Bxg6 Ka7 43.e7 Rxc4
44.e8=Q Bxe8 45.Bxe8 a4 46.Bb5 Rd4 47.Rc6 Kb7 48.Rc4 Rd1+ 49.Kf2 Rd2+ 50.Ke3  1-0

[Event "Hoogovens"]
[Site "Wijk aan Zee"]
[Date "1984.??.??"]
[Round "10"]
[White "Adorjan, Andras"]
[Black "Ligterink, Gert"]
[Result "1/2-1/2"]
[WhiteElo "2570"]
[BlackElo "2445"]

1.c4 e5 2.Nc3 Nf6 3.Nf3 Nc6 4.g3 d5 5.cxd5 Nxd5 6.Bg2 Nb6 7.d3 Be7 8.O-O O-O
9.a3 Be6 10.b4 a5 11.b5 Nd4 12.Nd2 Qd7 13.Bxb7 Rab8 14.Bg2 Nxb5 15.Nxb5 Qxb5
16.a4 Qd7 17.Bb2 f6 18.Bc3 Bb4 19.Ne4 c5 20.Qc2  1/2-1/2

[Event "Hoogovens"]
[Site "Wijk aan Zee"]
[Date "1984.??.??"]
[Round "11"]
[White "Ligterink, Gert"]
[Black "Van der Sterren, Paul"]
[Result "1/2-1/2"]
[WhiteElo "2445"]
[BlackElo "2475"]

1.d4 Nf6 2.c4 e6 3.Nf3 d5 4.Nc3 Be7 5.Bg5 h6 6.Bxf6 Bxf6 7.e3 O-O 8.Rc1 c6
9.Bd3 Nd7 10.O-O dxc4 11.Bxc4 e5 12.Bb3 exd4 13.exd4 Re8 14.Qd2 Nf8 15.d5 Bxc3
16.Rxc3 cxd5 17.Bxd5 Be6 18.Bxb7 Qxd2 19.Nxd2 Rab8 20.Bc6 Red8 21.Nb3 Bxb3
22.axb3 Ne6 23.Ra1 Nd4 24.Bf3 Nxb3 25.Rxa7 Nd4 26.Ra2  1/2-1/2

[Event "Hoogovens"]
[Site "Wijk aan Zee"]
[Date "1984.??.??"]
[Round "11"]
[White "Nikolic, Predrag"]
[Black "Ree, Hans"]
[Result "1-0"]
[WhiteElo "2570"]
[BlackElo "2480"]

1.d4 Nf6 2.c4 g6 3.Nf3 Bg7 4.g3 c5 5.d5 b5 6.cxb5 Qa5+ 7.Nfd2 Bb7 8.Bg2 Bxd5
9.Bxd5 Nxd5 10.Qb3 Nb6 11.a4 a6 12.Ra3 d5 13.O-O O-O 14.e4 e6 15.exd5 exd5
16.Nc3 c4 17.Qd1 d4 18.Nce4 N8d7 19.Nb3 Qb4 20.Nxd4 Rfe8 21.Nc6 Qf8 22.Re3 Ne5
23.a5 Nbd7 24.Nd6 Re6 25.Nxc4 axb5 26.N4xe5 Nxe5 27.Nxe5 Rxe5 28.Rxe5 Bxe5
29.Qd5 Bc7 30.b4 Rd8 31.Qxb5 Bd6 32.Be3 Rb8 33.Bb6 Bxb4 34.a6 Qe7 35.Rb1  1-0

[Event "Hoogovens"]
[Site "Wijk aan Zee"]
[Date "1984.??.??"]
[Round "11"]
[White "Torre, Eugenio"]
[Black "Van der Wiel, John TH"]
[Result "1/2-1/2"]
[WhiteElo "2565"]
[BlackElo "2515"]

1.d4 Nf6 2.c4 e6 3.Nf3 d5 4.Bg5 Be7 5.Nc3 O-O 6.e3 h6 7.Bh4 b6 8.Be2 Bb7
9.Bxf6 Bxf6 10.cxd5 exd5 11.O-O Nd7 12.Qb3 c6 13.Rfe1 Re8 14.e4 Nf8 15.e5 Be7
16.Rad1 Ne6 17.a3 Bf8 18.Bf1 Qc7 19.g3 Rad8 20.Bg2 Qb8 21.Ne2 c5 22.Qe3 a5
23.Qd2 cxd4 24.Nexd4 Nc5  1/2-1/2

[Event "Hoogovens"]
[Site "Wijk aan Zee"]
[Date "1984.??.??"]
[Round "11"]
[White "Tukmakov, Vladimir B"]
[Black "Sosonko, Gennadi"]
[Result "1/2-1/2"]
[WhiteElo "2550"]
[BlackElo "2560"]

1.d4 Nf6 2.c4 e6 3.Nf3 b6 4.Nc3 Bb7 5.a3 d5 6.cxd5 Nxd5 7.Qc2 c5 8.e4 Nxc3
9.bxc3 Nd7 10.Bd3 Qc7 11.O-O cxd4 12.cxd4 Qxc2 13.Bxc2 Rc8 14.Bd3 Be7 15.Bb2 O-O
16.Rfc1 Rxc1+ 17.Rxc1 Rc8 18.Rxc8+ Bxc8 19.Kf1 Bb7  1/2-1/2

[Event "Hoogovens"]
[Site "Wijk aan Zee"]
[Date "1984.??.??"]
[Round "12"]
[White "Adorjan, Andras"]
[Black "Tukmakov, Vladimir B"]
[Result "1/2-1/2"]
[WhiteElo "2570"]
[BlackElo "2550"]

1.c4 e5 2.Nc3 d6 3.d4 Nd7 4.Nf3 c6 5.g3 Ngf6 6.Bg2 Be7 7.O-O O-O 8.Qc2 Re8
9.b3 Bf8 10.Bb2 Qc7 11.Rac1 h6 12.e3 a6 13.Rfd1 exd4 14.Nxd4 g6 15.h3 Bg7
16.Qb1 Nc5 17.b4 Ncd7 18.Qa1 Ne5 19.Nce2 Qe7 20.Kh2 Bd7 21.Nf3 Bxh3 22.Nxe5 Bxg2
23.Nxg6 fxg6 24.Kxg2 Qe4+ 25.Kg1 Qf3 26.Bxf6 Bxf6 27.Nd4 Qg4 28.Qb2 Re4 29.Qc2 Rf8
30.Ne2 Be5 31.Nf4 Qf5 32.Rd3 g5 33.Ng2 d5 34.cxd5 Rc4 35.Qxc4 Qxf2+ 36.Kh1 Qxg3
37.Nf4 Qh4+ 38.Kg1 gxf4 39.Rd2  1/2-1/2

[Event "Hoogovens"]
[Site "Wijk aan Zee"]
[Date "1984.??.??"]
[Round "12"]
[White "Sosonko, Gennadi"]
[Black "Miles, Anthony J"]
[Result "1/2-1/2"]
[WhiteElo "2560"]
[BlackElo "2610"]

1.d4 Nf6 2.c4 e6 3.g3 Bb4+ 4.Bd2 Bxd2+ 5.Qxd2 d6 6.Nc3 O-O 7.Nf3 c5 8.Bg2 Qe7
9.O-O b6 10.Rad1 Bb7 11.dxc5 dxc5 12.Qd6 Nc6 13.Nb5 Rae8 14.e3 Ne4 15.Qxe7 Rxe7
16.Nd2 Nxd2 17.Rxd2 Ne5 18.b3 Nf3+ 19.Bxf3 Bxf3 20.Re1 f5 21.Nc3 g5 22.e4 Rff7
23.Re3 g4 24.e5 f4 25.gxf4 Rxf4 26.Ne2 Bxe2 27.Rexe2 Kf7 28.Rd8 Kg6 29.Rg8+ Kf5
30.Rf8+ Kg5 31.Rg8+ Kh4 32.Kg2 h5 33.Rg6 Rd4 34.Re3 Rf4 35.Re2 Rf5 36.Re3 Ref7  1/2-1/2

[Event "Hoogovens"]
[Site "Wijk aan Zee"]
[Date "1984.??.??"]
[Round "13"]
[White "Beliavsky, Alexander G"]
[Black "Ree, Hans"]
[Result "1-0"]
[WhiteElo "2565"]
[BlackElo "2480"]

1.e4 e5 2.Nf3 Nc6 3.Bb5 g6 4.c3 a6 5.Ba4 d6 6.d4 Bd7 7.Bg5 Be7 8.Be3 Nf6
9.Bc2 O-O 10.O-O Re8 11.h3 Bf8 12.Nbd2 Bg7 13.Re1 h6 14.a3 a5 15.b3 Qe7 16.Nf1 Rad8
17.d5 Nb8 18.Ng3 c5 19.Qd2 Qf8 20.b4 axb4 21.axb4 cxb4 22.cxb4 Na6 23.Bd3 Ra8
24.Bb6 Rec8 25.b5 Nc7 26.Rxa8 Nxa8 27.Be3 Nc7 28.Qa5 Kh7 29.Rc1 Ncxd5 30.exd5 Nxd5
31.Rxc8 Qxc8 32.Bd2 f5 33.Qa2 Qc5 34.Bc4 Nf6 35.Bf7 f4 36.Qb1 fxg3 37.Qxg6+ Kh8
38.Qxg3 Ne4 39.Qh4 Qxf2+ 40.Qxf2 Nxf2 41.Kxf2 Bxb5 42.Nh4 Bd3 43.Ke3 Bc2
44.Bd5 Bf6 45.Nf3 b6 46.Bb4 Be7 47.Nd2  1-0

[Event "Hoogovens"]
[Site "Wijk aan Zee"]
[Date "1984.??.??"]
[Round "13"]
[White "Torre, Eugenio"]
[Black "Huebner, Robert"]
[Result "1/2-1/2"]
[WhiteElo "2565"]
[BlackElo "2620"]

1.d4 Nf6 2.c4 e6 3.Nf3 Bb4+ 4.Bd2 Bxd2+ 5.Qxd2 b6 6.g3 Bb7 7.Bg2 d6 8.Nc3 Ne4
9.Nxe4 Bxe4 10.O-O Nd7 11.Ne1 Bxg2 12.Nxg2 O-O 13.Rad1 c6 14.Nf4 d5 15.cxd5 cxd5
16.Rc1 Nf6 17.Rc2 Qd7 18.Rfc1 Rfc8 19.Qd3 Ne8 20.Qa6 Nd6 21.Nd3 f6 22.Rxc8+ Rxc8
23.Rxc8+  1/2-1/2